000 01647nam0a2200361 4500
001 RU\NLR\bibl\1462133
005 20260121163247.0
010 _a978-5-397-01158-7
021 _aRU
_b2009-92988
_95879
035 _a(NLR Aleph) 001453887
035 _a(nilc)RSL-KNO-004413921
090 _a1540311
_c1540311
100 _a20091120d2009 u y0rusy50 ca
101 1 _arus
_cger
102 _aRU
105 _aa |||||||||
200 1 _aПарадоксы природы
_eкнига в помощь юношеству для объяснения явлений, по-видимому, противоречащих повседневному опыту
_fВ. Гампсон, К. Шеффер
_gпер. со второго переработанного и дополненного немецкого изд. К. Гюке и Л. Энгельгардт
_gпод ред. В. И. Романова
205 _aИзд. 2-е, испр. и доп.
210 _aМосква
_cЛИБРОКОМ
_dcop. 2009
215 _a199 с.
_cил.
_d22
225 1 _aНауку - всем! Шедевры научно-популярной литературы
606 1 _aЗанимательное естествознание
_jПопулярные издания
_92076500
_3RU\NLR\AUTH\661251648
686 _aБ.я9
_2rubbk
686 _aБ.я9
700 1 _aГампсон
_bВ.
_f1854-?
_gВильям
_4070
701 1 _aШеффер
_bЦ.
_f1867-?
_gЦезарь
_4070
801 0 _aRU
_bРГБ
_c20091120
_grcr
801 1 _aRU
_bРГБ
_c20091120
801 2 _aRU
_bNLR
_c20100119
_grcr
942 _cBOOK
980 _aNB